[Event "CZE-chT2D 1718"]
[Site "Czech Republic"]
[Date "2018.01.28"]
[Round "7.4"]
[White "Kosek, Jiri"]
[Black "Lorenc, Oldrich"]
[Result "0-1"]
[WhiteElo "2110"]
[BlackElo "2080"]
[PlyCount "90"]
[EventDate "2017.10.15"]
[EventType "team-tourn"]
[EventRounds "11"]
[EventCountry "CZE"]
[SourceTitle "EXT 2022"]
[Source "ChessBase"]
[SourceDate "2021.10.06"]
[SourceVersion "1"]
[SourceVersionDate "2021.10.06"]
[SourceQuality "1"]
[WhiteTeam "Vysoke Myto"]
[BlackTeam "Policka Stefanydes"]
[WhiteTeamCountry "CZE"]
[BlackTeamCountry "CZE"]

1. Nf3 Nf6 2. d4 g6 3. g3 Bg7 4. Bg2 c5 5. c4 cxd4 6. Nxd4 0-0 7. 0-0 Nc6 8. Nxc6 dxc6 9. Qc2 Qa5 10. Nc3 Be6 11. b3 Bf5 12. e4 Nxe4 13. Nxe4 Bxa1 14. Bd2 Qe5 15. Bf4 Bxe4 16. Bxe4 Qf6 17. h4 Bd4 18. Kg2 Rad8 19. h5 Qe6 20. Rh1 Bg7 21. Be3 f5 22. Bf3 Bd4 23. Bf4 Qf6 24. Qc1 Rd7 25. Bg5 Qf7 26. Qf4 Bf6 27. Bh6 e5 28. Qc1 Re8 29. Be3 e4 30. Be2 Bd4 31. c5 Bxe3 32. Qxe3 Qg7 33. hxg6 hxg6 34. Bc4+ Rd5 35. Qg5 Kf7 36. Rd1 Qe5 37. Rh1 Rh8 38. Rxh8 Qxh8 39. Qf4 Qd8 40. Qe5 Qd7 41. b4 a6 42. a4 Qe6 43. Qb8 e3 44. Qc7+ Kf6 45. Qf4 e2 0-1

[Event "CZE-chT2D 1718"]
[Site "Czech Republic"]
[Date "2018.01.14"]
[Round "6.4"]
[White "Lorenc, Oldrich"]
[Black "Miculka, David"]
[Result "1/2-1/2"]
[WhiteElo "2080"]
[BlackElo "2110"]
[PlyCount "35"]
[EventDate "2017.10.15"]
[EventType "team-tourn"]
[EventRounds "11"]
[EventCountry "CZE"]
[SourceTitle "EXT 2022"]
[Source "ChessBase"]
[SourceDate "2021.10.06"]
[SourceVersion "1"]
[SourceVersionDate "2021.10.06"]
[SourceQuality "1"]
[WhiteTeam "Policka Stefanydes"]
[BlackTeam "Namest nad Oslavou"]
[WhiteTeamCountry "CZE"]
[BlackTeamCountry "CZE"]

1. e4 c5 2. Nf3 Nc6 3. c3 d5 4. exd5 Qxd5 5. d4 e6 6. Be3 cxd4 7. Nxd4 Nf6 8. Nd2 Be7 9. Qf3 Nxd4 10. Bxd4 0-0 11. Be2 Bd7 12. Bxf6 Qxf3 13. Bxf3 Bxf6 14. 0-0-0 Bc6 15. Bxc6 bxc6 16. Ne4 Rfd8 17. Kc2 Be7 18. Rhe1 1/2-1/2

[Event "CZE-chT2D 1718"]
[Site "Czech Republic"]
[Date "2017.11.05"]
[Round "2.5"]
[White "Novak, Radomir"]
[Black "Lorenc, Oldrich"]
[Result "1/2-1/2"]
[WhiteElo "2113"]
[BlackElo "2080"]
[PlyCount "91"]
[EventDate "2017.10.15"]
[EventType "team-tourn"]
[EventRounds "11"]
[EventCountry "CZE"]
[SourceTitle "EXT 2022"]
[Source "ChessBase"]
[SourceDate "2021.10.06"]
[SourceVersion "1"]
[SourceVersionDate "2021.10.06"]
[SourceQuality "1"]
[WhiteTeam "Hradec Kralove II"]
[BlackTeam "Policka Stefanydes"]
[WhiteTeamCountry "CZE"]
[BlackTeamCountry "CZE"]

1. d4 Nf6 2. c4 g6 3. Nc3 d5 4. Bf4 c6 5. e3 Bg7 6. Nf3 0-0 7. Bd3 Nbd7 8. h3 dxc4 9. Bxc4 Nb6 10. Bd3 Nbd5 11. Be5 Qa5 12. Qd2 Nxc3 13. bxc3 c5 14. 0-0 cxd4 15. exd4 b6 16. Rfc1 Bb7 17. Qe2 Rac8 18. c4 Bxf3 19. Qxf3 Nd7 20. Bxg7 Kxg7 21. Qe3 e5 22. d5 Qc5 23. Qe1 Rfe8 24. Bf1 f5 25. a4 a5 26. Rab1 e4 27. Qc3+ Kg8 28. Rb5 Qd6 29. Rcb1 Rc5 30. Qb2 Rxb5 31. Qxb5 Rc8 32. Qa6 Rb8 33. Qb5 Nc5 34. Be2 Kf7 35. Bf1 Qd7 36. Qxd7+ Nxd7 37. f4 Ke7 38. Kf2 Nc5 39. Ra1 Kd6 40. Ke3 Rg8 41. Be2 g5 42. g4 fxg4 43. hxg4 gxf4+ 44. Kxf4 Rf8+ 45. Ke3 Rf6 46. Rh1 1/2-1/2

[Event "CZE-chT2D 1617"]
[Site "Czech Republic"]
[Date "2017.01.15"]
[Round "6.2"]
[White "Lorenc, Oldrich"]
[Black "Varejcko, Josef"]
[Result "1/2-1/2"]
[WhiteElo "2071"]
[BlackElo "2236"]
[PlyCount "51"]
[EventDate "2016.10.09"]
[EventType "team-tourn"]
[EventRounds "11"]
[EventCountry "CZE"]
[SourceTitle "EXT 2022"]
[Source "ChessBase"]
[SourceDate "2021.10.06"]
[SourceVersion "1"]
[SourceVersionDate "2021.10.06"]
[SourceQuality "1"]
[WhiteTeam "Policka Stefanydes"]
[BlackTeam "Lipa"]
[WhiteTeamCountry "CZE"]
[BlackTeamCountry "CZE"]

1. e4 c5 2. c3 d5 3. exd5 Qxd5 4. d4 cxd4 5. cxd4 Nc6 6. Nf3 Bg4 7. Be2 e6 8. Nc3 Qd7 9. Be3 Nf6 10. h3 Bh5 11. Ne5 Bxe2 12. Qxe2 Nxe5 13. dxe5 Nd5 14. 0-0 Nxc3 15. bxc3 Be7 16. Qg4 Kf8 17. c4 Qc6 18. Rfd1 f5 19. exf6 Bxf6 20. Rac1 Kf7 21. Qh5+ g6 22. Qb5 Rhd8 23. Rxd8 Rxd8 24. Bxa7 Ra8 25. Be3 Rxa2 26. Qxc6 1/2-1/2

[Event "CZE-chT2D 1617"]
[Site "Czech Republic"]
[Date "2016.11.27"]
[Round "4.4"]
[White "Lorenc, Oldrich"]
[Black "Cely, Jaroslav"]
[Result "1-0"]
[WhiteElo "2071"]
[BlackElo "1994"]
[PlyCount "47"]
[EventDate "2016.10.09"]
[EventType "team-tourn"]
[EventRounds "11"]
[EventCountry "CZE"]
[SourceTitle "EXT 2022"]
[Source "ChessBase"]
[SourceDate "2021.10.06"]
[SourceVersion "1"]
[SourceVersionDate "2021.10.06"]
[SourceQuality "1"]
[WhiteTeam "Policka Stefanydes"]
[BlackTeam "Zdar nad Sazavou"]
[WhiteTeamCountry "CZE"]
[BlackTeamCountry "CZE"]

1. Nf3 Nf6 2. c4 c5 3. g3 g6 4. Bg2 Nc6 5. 0-0 Bg7 6. d4 cxd4 7. Nxd4 0-0 8. Nc3 Nxd4 9. Qxd4 d6 10. Rd1 a6 11. Nd5 Nxd5 12. Qxd5 Rb8 13. c5 Be6 14. Qg5 Bf6 15. Qe3 d5 16. Qa3 Qd7 17. e4 d4 18. Bf4 Rbd8 19. e5 Bg7 20. Qb4 Qc7 21. Qxb7 Qxc5 22. Qxa6 d3 23. Rxd3 Bc4 24. Qa3 1-0

[Event "CZE-chT1E 1516"]
[Site "Czech Republic"]
[Date "2016.02.14"]
[Round "8.7"]
[White "Lorenc, Oldrich"]
[Black "Svancara, Petr"]
[Result "0-1"]
[WhiteElo "2067"]
[BlackElo "2057"]
[PlyCount "114"]
[EventDate "2015.10.11"]
[EventType "team-tourn"]
[EventRounds "11"]
[EventCountry "CZE"]
[SourceTitle "EXT 2017"]
[Source "ChessBase"]
[SourceDate "2016.10.25"]
[SourceVersion "1"]
[SourceVersionDate "2016.10.25"]
[SourceQuality "1"]
[WhiteTeam "Policka"]
[BlackTeam "Grygov"]
[WhiteTeamCountry "CZE"]
[BlackTeamCountry "CZE"]

1. e4 Nf6 2. e5 Nd5 3. d4 d6 4. Nf3 Bg4 5. Be2 e6 6. 0-0 Be7 7. h3 Bh5 8. c4 Nb6 9. Be3 0-0 10. Nc3 Nc6 11. exd6 cxd6 12. d5 Bxf3 13. Bxf3 Ne5 14. b3 Nxf3+ 15. Qxf3 e5 16. Bxb6 Qxb6 17. Qe3 Qa5 18. f4 Bd8 19. Kh1 exf4 20. Rxf4 Bg5 21. Ne4 Rae8 22. Qg3 Bxf4 23. Qxf4 f5 24. Nxd6 Re1+ 25. Rxe1 Qxe1+ 26. Kh2 Qe7 27. c5 g5 28. Qd4 f4 29. Qe4 Qxe4 30. Nxe4 h6 31. Nd6 Rd8 32. b4 Rxd6 33. cxd6 Kf8 34. g3 fxg3+ 35. Kxg3 h5 36. Kf3 Ke8 37. Ke4 Kd7 38. Kf5 g4 39. hxg4 hxg4 40. Kxg4 Kxd6 41. Kf4 Kxd5 42. Ke3 Kc4 43. Kd2 Kxb4 44. Kc2 Kc4 45. Kb2 Kd3 46. Kb3 b6 47. Kb2 b5 48. Kb3 a5 49. Kb2 Kc4 50. Kc2 b4 51. Kb2 a4 52. Kc2 Kd4 53. Kb2 Kd3 54. Kb1 Kc3 55. Kc1 b3 56. axb3 axb3 57. Kb1 b2 0-1

[Event "CZE-chT2D 1516"]
[Site "Czech Republic"]
[Date "2015.12.06"]
[Round "4.5"]
[White "Lorenc, Oldrich"]
[Black "Holasek, Pavel"]
[Result "0-1"]
[WhiteElo "2063"]
[BlackElo "2045"]
[PlyCount "82"]
[EventDate "2015.10.18"]
[EventType "team-tourn"]
[EventRounds "11"]
[EventCountry "CZE"]
[SourceTitle "EXT 2022"]
[Source "ChessBase"]
[SourceDate "2021.10.06"]
[SourceVersion "1"]
[SourceVersionDate "2021.10.06"]
[SourceQuality "1"]
[WhiteTeam "Vysoke Myto"]
[BlackTeam "Usti nad Orlici"]
[WhiteTeamCountry "CZE"]
[BlackTeamCountry "CZE"]

1. e4 e5 2. Nf3 Nc6 3. c3 Nf6 4. d4 Nxe4 5. d5 Bc5 6. dxc6 Bxf2+ 7. Ke2 0-0 8. Qd5 Nf6 9. cxb7 Rb8 10. bxc8Q Qxc8 11. Qc4 d5 12. Qa4 Bb6 13. Nbd2 e4 14. Nd4 Qg4+ 15. Ke1 e3 16. N2f3 c5 17. Qd1 cxd4 18. Nxd4 e2 19. Bxe2 Qxg2 20. Rf1 Rfe8 21. Bf4 Rb7 22. Rf2 Qh1+ 23. Rf1 Qe4 24. Qc2 Qxc2 25. Nxc2 Rbe7 26. Kd1 Rxe2 27. Re1 Rxe1+ 28. Nxe1 Ne4 29. a4 g5 30. Bd2 Bc7 31. Nf3 g4 32. Nd4 Bxh2 33. Bh6 g3 34. Bf4 Nf2+ 35. Kd2 Re4 36. Bb8 Rg4 37. Nf3 a6 38. Re1 Ne4+ 39. Ke3 Ng5 40. Nd2 Rxa4 41. Nf1 Re4+ 0-1